| 000 | 00707nam a22002291c 4500 | ||
|---|---|---|---|
| 001 | a987694350 | ||
| 003 | RU-10907106 | ||
| 005 | 20210531171430.0 | ||
| 008 | 200707s1954 gw |||| 000u rus d | ||
| 040 |
_cRU-10907106 _aRU-10907106 _bger |
||
| 041 | _arus | ||
| 100 | 1 | _aVolkov, Fedor Dmitrievič | |
| 245 | 0 | 0 | _aKrach anglijskoj politiki intervencii i diplomaticeskoj izoljacii Sovetskogo gosudarstva (1917 - 1924 gg.) |
| 264 |
_aMoskva : _bGosudarstvennoe izdatel'stvo političeskoj literatury, _c1954 |
||
| 300 | _a399 Seiten | ||
| 648 | _a1917-1924 | ||
| 650 | 0 | _aDiplomatie | |
| 650 | 0 | _aMilitärische Intervention | |
| 651 | _aGroßbritannien | ||
| 651 | _aSowjetunion | ||
| 942 |
_cMG _2z |
||
| 999 |
_c31182 _d31182 |
||